[Event "AUT-chT2O 2223"]
[Site "Austria"]
[Date "2023.04.22"]
[Round "10.6"]
[White "Ganaus, Hannes"]
[Black "Zimmermann, Heinz"]
[Result "0-1"]
[WhiteElo "2280"]
[BlackElo "2172"]
[PlyCount "76"]
[EventDate "2022.10.15"]
[EventType "team-tourn"]
[EventRounds "11"]
[EventCountry "AUT"]
[SourceTitle "EXT 2024"]
[Source "ChessBase"]
[SourceDate "2023.10.10"]
[SourceVersion "1"]
[SourceVersionDate "2023.10.10"]
[SourceQuality "1"]
[WhiteTeam "Pressbaum"]
[BlackTeam "Purbach/Donnerskirchen"]
[WhiteTeamCountry "AUT"]
[BlackTeamCountry "AUT"]

1. d4 c6 2. Nf3 d5 3. Bf4 Nf6 4. e3 Bg4 5. Nbd2 e6 6. h3 Bh5 7. g4 Bg6 8. Ne5 Nfd7 9. Nxg6 hxg6 10. Bg2 c5 11. 0-0 cxd4 12. exd4 Nc6 13. c4 Nb6 14. c5 Nd7 15. b4 Nxd4 16. Ne4 Nc6 17. Nd6+ Bxd6 18. Bxd6 Ne7 19. Re1 Nf6 20. g5 Ne4 21. Qa4+ Qd7 22. Qxd7+ Kxd7 23. Bxe4 dxe4 24. Rad1 Rxh3 25. Rxe4 Rah8 26. Kg2 Nd5 27. b5 Nc3 28. c6+ Kc8 29. Be5 Nxe4 30. Rd7 f6 31. Rc7+ Kb8 32. Rxb7+ Ka8 33. Bd4 Ra3 34. Rxg7 e5 35. gxf6 exd4 36. f7 Nf6 37. Rxg6 Rf8 38. Rxf6 Kb8 0-1

[Event "AUT-chT2O 2223"]
[Site "Austria"]
[Date "2023.02.19"]
[Round "9"]
[White "Bonk, Andras"]
[Black "Zimmermann, Heinz"]
[Result "1-0"]
[WhiteElo "2176"]
[BlackElo "2172"]
[PlyCount "101"]
[EventDate "2022.10.15"]
[EventType "team-tourn"]
[EventRounds "11"]
[EventCountry "AUT"]
[SourceTitle "CBM 213 Extra"]
[Source "ChessBase"]
[SourceDate "2023.05.31"]
[SourceVersion "1"]
[SourceVersionDate "2023.05.31"]
[SourceQuality "1"]
[WhiteTeam "Kottingbrunn"]
[BlackTeam "Purbach/Donnerskirchen"]
[WhiteTeamCountry "AUT"]
[BlackTeamCountry "AUT"]

1. e4 c6 2. d4 d5 3. e5 c5 4. dxc5 Nc6 5. Bb5 e6 6. Bxc6+ bxc6 7. b4 a5 8. c3 axb4 9. cxb4 Qh4 10. Qd2 Qe4+ 11. Kf1 Ba6+ 12. Ne2 Bxe2+ 13. Qxe2 Qxb4 14. Nd2 Bxc5 15. Nb3 Bb6 16. g3 Qb5 17. Qxb5 cxb5 18. Ke2 Ne7 19. Be3 Bxe3 20. Kxe3 Nc6 21. f4 Ra3 22. Rhc1 Kd7 23. Rc5 Na7 24. Rac1 Rc8 25. Rxc8 Nxc8 26. Kd4 Rxa2 27. Nc5+ Ke7 28. Nd3 Ra4+ 29. Kc5 Rc4+ 30. Kxb5 Rxc1 31. Nxc1 Kd7 32. Nb3 Ne7 33. Nd4 h6 34. Kc5 g6 35. g4 g5 36. f5 exf5 37. gxf5 h5 38. f6 Ng6 39. Kxd5 Nf4+ 40. Ke4 Ne6 41. Nf5 g4 42. Nd6 Nd8 43. Kf5 h4 44. Kxg4 Ke6 45. Kf4 Nc6 46. Nc4 Kd5 47. Ne3+ Ke6 48. Ng4 h3 49. Ke4 Nd8 50. Nf2 Nc6 51. Nd3 1-0

[Event "AUT-chT2O 2223"]
[Site "Austria"]
[Date "2022.11.19"]
[Round "3.5"]
[White "Zimmermann, Heinz"]
[Black "Vitouch, Anatol"]
[Result "0-1"]
[WhiteElo "2172"]
[BlackElo "2250"]
[PlyCount "78"]
[EventDate "2022.10.15"]
[EventType "team-tourn"]
[EventRounds "11"]
[EventCountry "AUT"]
[SourceTitle "CBM 213 Extra"]
[Source "ChessBase"]
[SourceDate "2023.05.31"]
[SourceVersion "1"]
[SourceVersionDate "2023.05.31"]
[SourceQuality "1"]
[WhiteTeam "Purbach/Donnerskirchen"]
[BlackTeam "Pamhagen"]
[WhiteTeamCountry "AUT"]
[BlackTeamCountry "AUT"]

1. d4 d5 2. c4 e6 3. Nf3 a6 4. cxd5 exd5 5. Nc3 Nf6 6. Bg5 Be6 7. e3 Nbd7 8. Bd3 h6 9. Bh4 Bd6 10. 0-0 0-0 11. Rb1 c6 12. b4 Qc7 13. Qc2 Bg4 14. Bg3 Bxf3 15. gxf3 Bxg3 16. hxg3 Qd6 17. Na4 b5 18. Nc5 Nxc5 19. dxc5 Qe5 20. f4 Qc7 21. a4 Rfe8 22. axb5 axb5 23. Ra1 Qb7 24. Kg2 Ra7 25. Rfd1 Rea8 26. Qb2 Kf8 27. Bf5 Ra4 28. Bc2 R4a6 29. Bf5 Qe7 30. Rxa6 Rxa6 31. Ra1 Rxa1 32. Qxa1 g6 33. Bd3 Kg7 34. Qe5 Qxe5 35. fxe5 Ne8 36. f4 Nc7 37. Kf3 Na6 38. f5 Nxb4 39. Bb1 Na6 0-1

[Event "AUT-ch"]
[Site "Vienna"]
[Date "2018.07.23"]
[Round "3"]
[White "Schnider, Gert"]
[Black "Zimmermann, Heinz"]
[Result "1-0"]
[WhiteElo "2422"]
[BlackElo "2162"]
[PlyCount "51"]
[EventDate "2018.07.22"]
[EventType "swiss"]
[EventRounds "9"]
[EventCountry "AUT"]
[SourceTitle "CBM 185 Extra"]
[Source "ChessBase"]
[SourceDate "2018.07.29"]
[SourceVersion "1"]
[SourceVersionDate "2018.07.29"]
[SourceQuality "1"]

1. e4 c5 2. Nf3 a6 3. c4 Nc6 4. d4 cxd4 5. Nxd4 e5 6. Nf5 d5 7. cxd5 Bxf5 8. exf5 Nd4 9. Nc3 Nf6 10. Bd3 Nxd5 11. 0-0 Be7 12. Be4 Nxc3 13. bxc3 Nc6 14. Qg4 Bf6 15. Ba3 Qc7 16. Rfd1 Rd8 17. Rdb1 b5 18. Qf3 Rc8 19. Rd1 Be7 20. Bxe7 Kxe7 21. Qg3 Kf8 22. Bxc6 Qxc6 23. Qxe5 h5 24. Rd6 Qc7 25. f6 gxf6 26. Qxf6 1-0

[Event "AUT-ch Seniors 50"]
[Site "Deutschlandsberg"]
[Date "2018.04.28"]
[Round "7"]
[White "Zimmermann, Heinz"]
[Black "Ernst, Michael"]
[Result "1/2-1/2"]
[WhiteElo "2163"]
[BlackElo "2153"]
[PlyCount "43"]
[EventDate "2018.04.22"]
[EventType "swiss"]
[EventRounds "7"]
[EventCountry "AUT"]
[SourceTitle "CBM 184 Extra"]
[Source "ChessBase"]
[SourceDate "2018.06.28"]
[SourceVersion "1"]
[SourceVersionDate "2018.06.28"]
[SourceQuality "1"]

1. c4 e6 2. d4 Nf6 3. g3 d5 4. Bg2 Be7 5. Nc3 0-0 6. Nf3 dxc4 7. Ne5 c5 8. dxc5 Qxd1+ 9. Nxd1 Bxc5 10. 0-0 Nd5 11. Nxc4 Nc6 12. Nde3 Nxe3 13. Bxe3 Bxe3 14. Nxe3 Nd4 15. Rfd1 e5 16. Kf1 Be6 17. Bd5 Bxd5 18. Nxd5 Rfd8 19. Nc3 Kf8 20. e3 Nc6 21. Ke2 Rac8 22. Rxd8+ 1/2-1/2

[Event "AUT-ch Seniors 50"]
[Site "Deutschlandsberg"]
[Date "2018.04.23"]
[Round "2"]
[White "Hoebarth, Guenter"]
[Black "Zimmermann, Heinz"]
[Result "0-1"]
[WhiteElo "1974"]
[BlackElo "2163"]
[PlyCount "58"]
[EventDate "2018.04.22"]
[EventType "swiss"]
[EventRounds "7"]
[EventCountry "AUT"]
[SourceTitle "CBM 184 Extra"]
[Source "ChessBase"]
[SourceDate "2018.06.28"]
[SourceVersion "1"]
[SourceVersionDate "2018.06.28"]
[SourceQuality "1"]

1. d3 g6 2. g3 Bg7 3. Bg2 d6 4. c3 c5 5. Bg5 Nc6 6. Na3 h6 7. Bd2 e5 8. e4 Nge7 9. Qc1 Rb8 10. Ne2 b5 11. Nc2 a5 12. 0-0 Bd7 13. f4 exf4 14. gxf4 f5 15. Ng3 0-0 16. Ne3 Kh7 17. exf5 Nxf5 18. Nexf5 gxf5 19. Qd1 Qh4 20. Be1 Qe7 21. Qh5 Qf6 22. Qh3 Qg6 23. Bf3 Bh8 24. Kh1 Ne7 25. Ne4 fxe4 26. Qxd7 exf3 27. Rg1 Qf6 28. f5 Rf7 29. Bg3 Nxf5 0-1

[Event "AUT-chT2O 1516"]
[Site "Austria"]
[Date "2016.04.02"]
[Round "9.6"]
[White "Zimmermann, Heinz"]
[Black "Neumeier, Klaus"]
[Result "0-1"]
[WhiteElo "2179"]
[BlackElo "2284"]
[PlyCount "136"]
[EventDate "2015.10.17"]
[EventType "team-tourn"]
[EventRounds "11"]
[EventCountry "AUT"]
[SourceTitle "EXT 2017"]
[Source "ChessBase"]
[SourceDate "2016.10.25"]
[SourceVersion "1"]
[SourceVersionDate "2016.10.25"]
[SourceQuality "1"]
[WhiteTeam "Purbach"]
[BlackTeam "Pressbaum"]
[WhiteTeamCountry "AUT"]
[BlackTeamCountry "AUT"]

1. d4 Nf6 2. Bg5 e6 3. Nd2 c5 4. e3 b6 5. Ngf3 Bb7 6. Bd3 Be7 7. 0-0 0-0 8. c3 h6 9. Bh4 d6 10. Qe2 Nbd7 11. Rfd1 Rc8 12. Ba6 Qc7 13. a4 Bxa6 14. Qxa6 Nb8 15. Qe2 Nc6 16. Bxf6 Bxf6 17. Ne4 Be7 18. d5 Na5 19. b4 cxb4 20. cxb4 Qc4 21. Qxc4 Rxc4 22. dxe6 fxe6 23. bxa5 Rxe4 24. axb6 axb6 25. a5 bxa5 26. Rxa5 Rb4 27. h3 Rb2 28. Raa1 e5 29. Rab1 Rfb8 30. Rxb2 Rxb2 31. Nd2 Rc2 32. e4 Bd8 33. Nf3 Bb6 34. Rxd6 Bxf2+ 35. Kf1 Bg3 36. Rd5 Rf2+ 37. Kg1 Re2 38. Nd2 Bf4 39. Nf3 Rxe4 40. Kf2 Kf7 41. Rd7+ Kf6 42. Rd6+ Ke7 43. Rg6 Kf7 44. Ra6 Rb4 45. Ra2 e4 46. Ne1 Rb3 47. Nc2 Rd3 48. Ne1 Bg3+ 49. Ke2 Bxe1 50. Kxe1 Kf6 51. Kf2 Rb3 52. Ra5 g6 53. Ra6+ Kf5 54. g4+ Kf4 55. Rf6+ Kg5 56. Re6 Kf4 57. Rf6+ Ke5 58. Rxg6 Rxh3 59. Kg2 Rh4 60. Kg3 Rh1 61. Kg2 e3 62. Kf3 Rh3+ 63. Ke2 Kf4 64. Re6 Rh2+ 65. Kf1 Kf3 66. Rf6+ Kxg4 67. Kg1 Rh5 68. Kf1 Rf5+ 0-1

[Event "AUT-chT2O 1314"]
[Site "Austria"]
[Date "2014.03.22"]
[Round "10.4"]
[White "Zimmermann, Heinz"]
[Black "Vitouch, Anatol"]
[Result "1-0"]
[WhiteElo "2171"]
[BlackElo "2270"]
[PlyCount "73"]
[EventDate "2013.10.05"]
[EventType "team-tourn"]
[EventRounds "11"]
[EventCountry "AUT"]
[SourceTitle "EXT 2015"]
[Source "ChessBase"]
[SourceDate "2014.11.20"]
[SourceVersion "1"]
[SourceVersionDate "2014.11.20"]
[SourceQuality "1"]
[WhiteTeam "Purbach"]
[BlackTeam "Pamhagen"]
[WhiteTeamCountry "AUT"]
[BlackTeamCountry "AUT"]

1. d4 d6 2. Nf3 Bg4 3. e4 Nf6 4. Nbd2 e6 5. Bd3 Be7 6. 0-0 0-0 7. c3 Nbd7 8. Qc2 h6 9. h3 Bxf3 10. Nxf3 c5 11. Qe2 Rc8 12. e5 dxe5 13. dxe5 Nd5 14. Qe4 g6 15. Bxh6 Re8 16. h4 Bf8 17. Bg5 Be7 18. Rad1 a6 19. Rfe1 Kg7 20. c4 Nb4 21. Qxb7 Rb8 22. Qe4 Nxa2 23. Bb1 Nb4 24. Bd2 Rh8 25. g3 Qc7 26. Bg5 Nc6 27. Bxe7 Nxe7 28. Rd6 Rxb2 29. Ng5 Qb7 30. Qf4 Nf5 31. Be4 Qb4 32. Red1 Nb6 33. Bxf5 exf5 34. e6 Re2 35. Nxf7 Rh5 36. Ng5 Qxc4 37. Rd7+ 1-0

[Event "Graz Casino op-A"]
[Site "Graz"]
[Date "2014.02.15"]
[Round "2"]
[White "Aravindh, Chithambaram VR"]
[Black "Zimmermann, Heinz"]
[Result "1-0"]
[WhiteElo "2381"]
[BlackElo "2177"]
[PlyCount "37"]
[EventDate "2014.02.14"]
[EventType "swiss"]
[EventRounds "9"]
[EventCountry "AUT"]
[SourceTitle "CBM 158 Extra"]
[Source "ChessBase"]
[SourceDate "2014.02.28"]
[SourceVersion "1"]
[SourceVersionDate "2014.02.28"]
[SourceQuality "1"]

1. e4 c5 2. Nf3 a6 3. c3 Nf6 4. e5 Nd5 5. d4 cxd4 6. Qxd4 e6 7. Bc4 Nc6 8. Qe4 d6 9. 0-0 dxe5 10. Nxe5 Nxe5 11. Qxe5 Qd6 12. Qxd6 Bxd6 13. Rd1 Bf4 14. Bxd5 Bxc1 15. Bxb7 Bxb2 16. Bxa8 Bxa1 17. Nd2 Bb2 18. Nc4 Bxc3 19. Nb6 1-0

[Event "AUT-chT2O 1213"]
[Site "Austria"]
[Date "2013.03.09"]
[Round "8.3"]
[White "Mahdy, Khaled"]
[Black "Zimmermann, Heinz"]
[Result "1-0"]
[WhiteElo "2385"]
[BlackElo "2177"]
[PlyCount "79"]
[EventDate "2012.10.06"]
[EventType "team-tourn"]
[EventRounds "11"]
[EventCountry "AUT"]
[SourceTitle "EXT 2014"]
[Source "ChessBase"]
[SourceDate "2013.11.20"]
[SourceVersion "1"]
[SourceVersionDate "2013.11.20"]
[SourceQuality "1"]
[WhiteTeam "Waehring"]
[BlackTeam "Purbach"]
[WhiteTeamCountry "AUT"]
[BlackTeamCountry "AUT"]

1. e4 c5 2. Nf3 a6 3. g3 Nc6 4. Bg2 g6 5. 0-0 Bg7 6. c3 e5 7. d3 Nf6 8. Re1 0-0 9. Nbd2 d6 10. Nf1 h6 11. h3 Re8 12. N3h2 d5 13. Ne3 Be6 14. Nhg4 Nxg4 15. hxg4 d4 16. Nd5 Ne7 17. c4 g5 18. Bd2 b5 19. f3 Rb8 20. Rb1 Qd7 21. Qc2 bxc4 22. dxc4 Rb7 23. Bf1 Reb8 24. Bd3 Ng6 25. b3 Bxg4 26. fxg4 Qxg4 27. Re2 Nf4 28. Rg2 Nxg2 29. Kxg2 Ra8 30. Ba5 Re8 31. Rf1 Kh7 32. Rf5 Qh5 33. Be2 Qg6 34. Qd1 Qd6 35. Bg4 Kg8 36. Qf1 f6 37. Nxf6+ Bxf6 38. Rxf6 Qe7 39. Rxh6 Kg7 40. Qh1 1-0

[Event "AUT-chT2O 1213"]
[Site "Austria"]
[Date "2012.11.17"]
[Round "3.4"]
[White "Leitner, Gerald"]
[Black "Zimmermann, Heinz"]
[Result "1/2-1/2"]
[WhiteElo "2206"]
[BlackElo "2177"]
[PlyCount "107"]
[EventDate "2012.10.06"]
[EventType "team-tourn"]
[EventRounds "11"]
[EventCountry "AUT"]
[SourceTitle "EXT 2014"]
[Source "ChessBase"]
[SourceDate "2013.11.20"]
[SourceVersion "1"]
[SourceVersionDate "2013.11.20"]
[SourceQuality "1"]
[WhiteTeam "Tschaturanga"]
[BlackTeam "Purbach"]
[WhiteTeamCountry "AUT"]
[BlackTeamCountry "AUT"]

1. d4 Nf6 2. Nf3 g6 3. c4 Bg7 4. Nc3 d6 5. e4 0-0 6. h3 Nbd7 7. Bg5 c6 8. Be2 e5 9. d5 cxd5 10. cxd5 a6 11. a4 Qa5 12. Nd2 Nc5 13. Qb1 Qb4 14. Ra3 Bd7 15. Na2 Qb6 16. a5 Qc7 17. b4 Na4 18. 0-0 Bb5 19. Rc1 Qd7 20. Bd1 Rac8 21. Rxc8 Rxc8 22. Bxf6 Bxf6 23. Bg4 Qc7 24. Bxc8 Qxc8 25. Qb3 Qd7 26. Qc2 Bd8 27. Nc3 Nxc3 28. Rxc3 b6 29. Nc4 bxa5 30. Nxa5 Bb6 31. Rc8+ Kg7 32. Qc1 Bd3 33. Rb8 Bxf2+ 34. Kxf2 Qa7+ 35. Qe3 Qxb8 36. Qxd3 Qxb4 37. Nc6 Qc5+ 38. Qe3 Qc2+ 39. Kf3 f5 40. exf5 gxf5 41. Qg5+ Kf7 42. Qe7+ Kg8 43. Qe6+ Kg7 44. Kg3 f4+ 45. Kh2 Qg6 46. Qe7+ Kg8 47. Qh4 Kf8 48. Qe1 Qd3 49. Qa5 Qg3+ 50. Kh1 f3 51. Qd8+ Kg7 52. Qe7+ Kg8 53. Qe6+ Kg7 54. Qe7+ 1/2-1/2

[Event "Hessen-chB"]
[Site "Marburg"]
[Date "2006.04.13"]
[Round "5.35"]
[White "Stoehr, Alexander"]
[Black "Zimmermann, Heinz"]
[Result "0-1"]
[WhiteElo "1341"]
[BlackElo "1429"]
[PlyCount "49"]
[EventDate "2006.04.13"]
[EventType "swiss"]
[EventRounds "7"]
[EventCountry "GER"]
[SourceTitle "EXT 2007"]
[Source "ChessBase"]
[SourceDate "2006.11.23"]
[SourceVersion "1"]
[SourceVersionDate "2006.11.23"]
[SourceQuality "1"]

1. d4 Nf6 2. c4 e6 3. Nf3 c6 4. Nc3 d5 5. e3 Nbd7 6. cxd5 cxd5 7. Bd3 a6 8. a4 Bd6 9. Bd2 0-0 10. 0-0 Re8 11. Rc1 Nf8 12. Qe2 Ng6 13. Rc2 Bd7 14. Rfc1 Qe7 15. b3 Bc6 16. Kh1 Qc7 17. Rb1 e5 18. Bxg6 fxg6 19. dxe5 Bxe5 20. Nxe5 Rxe5 21. Qd3 Rh5 22. h3 d4 23. Ne4 Bxe4 24. Qxe4 Nxe4 25. Rxc7 0-1

[Event "Bad Wildbad op 3rd"]
[Site "Bad Wildbad"]
[Date "2002.10.07"]
[Round "3"]
[White "Nazarenus, Moritz"]
[Black "Zimmermann, Heinz"]
[Result "1/2-1/2"]
[WhiteElo "2124"]
[BlackElo "2242"]
[PlyCount "56"]
[EventDate "2002.10.05"]
[EventType "swiss"]
[EventRounds "9"]
[EventCountry "GER"]
[SourceTitle "CBM 090 Extra"]
[Source "ChessBase"]
[SourceDate "2002.11.07"]
[SourceVersion "1"]
[SourceVersionDate "2002.11.07"]
[SourceQuality "1"]

1. Nf3 Nf6 2. Rg1 d5 3. h3 h5 4. d3 Bf5 5. Bg5 Nbd7 6. Nbd2 c6 7. c3 Qc7 8. Bxf6 Nxf6 9. Qa4 e6 10. e4 Bh7 11. Be2 Bc5 12. e5 Nd7 13. Qf4 Nf8 14. d4 Be7 15. Ng5 Bf5 16. Qe3 h4 17. Bg4 g6 18. Ndf3 Nh7 19. Nxh7 Rxh7 20. Bxf5 gxf5 21. 0-0-0 0-0-0 22. g3 hxg3 23. Rxg3 Rdh8 24. Rh1 Qa5 25. Kb1 Qd8 26. Qc1 Bh4 27. Rg2 Rh6 28. Qg1 Qf8 1/2-1/2

[Event "AUT-chT2S 9596"]
[Site "Austria"]
[Date "1995.??.??"]
[Round "?"]
[White "Reschun, Sascha"]
[Black "Zimmermann, Heinz"]
[Result "0-1"]
[WhiteElo "2235"]
[BlackElo "2255"]
[PlyCount "98"]
[EventDate "1995.??.??"]
[EventType "team-tourn"]
[EventRounds "11"]
[EventCountry "AUT"]
[SourceTitle "EXT 1999"]
[Source "ChessBase"]
[SourceDate "1998.11.16"]
[SourceVersion "1"]
[SourceVersionDate "1998.11.16"]
[SourceQuality "1"]

1. e4 c5 2. Nf3 a6 3. c4 d6 4. d4 Bg4 5. dxc5 Bxf3 6. Qxf3 dxc5 7. e5 Qd7 8. Be3 e6 9. Nd2 Nc6 10. Qe4 f5 11. exf6 Nxf6 12. Qc2 Ng4 13. 0-0-0 Nxe3 14. fxe3 0-0-0 15. Kb1 Nb4 16. Qb3 Qf7 17. a3 Qg6+ 18. Ka1 Qc2 19. Qxc2 Nxc2+ 20. Kb1 Nxe3 21. Re1 Rxd2 22. Rxe3 Be7 23. g3 Bf6 24. Rb3 Rhd8 25. Bh3 R8d6 26. Re1 Rxh2 27. Bxe6+ Kc7 28. Bd5 Rb6 29. Rxb6 Kxb6 30. Re6+ Kc7 31. b4 cxb4 32. axb4 Rb2+ 33. Kc1 Rxb4 34. Re8 Kd6 35. Rb8 b6 36. Kc2 Kc5 37. g4 b5 38. Bg8 Rb2+ 39. Kc1 b4 40. Rc8+ Kb6 41. Bd5 Re2 42. c5+ Kb5 43. c6 Re7 44. Bg8 h6 45. Bh7 Be5 46. Bd3+ Kb6 47. Kc2 Rc7 48. Rxc7 Bxc7 49. Kb3 a5 0-1

[Event "AUT-chT2S 9596"]
[Site "Austria"]
[Date "1995.??.??"]
[Round "?"]
[White "Zimmermann, Heinz"]
[Black "Titz, Heimo"]
[Result "0-1"]
[WhiteElo "2255"]
[BlackElo "2300"]
[PlyCount "68"]
[EventDate "1995.??.??"]
[EventType "team-tourn"]
[EventRounds "11"]
[EventCountry "AUT"]
[SourceTitle "EXT 1999"]
[Source "ChessBase"]
[SourceDate "1998.11.16"]
[SourceVersion "1"]
[SourceVersionDate "1998.11.16"]
[SourceQuality "1"]

1. c4 c5 2. Nc3 Nc6 3. g3 g6 4. Bg2 Bg7 5. a3 d6 6. d3 Nf6 7. Rb1 a5 8. Bd2 0-0 9. Qc1 Bd7 10. Bh6 a4 11. Bxg7 Kxg7 12. h4 h5 13. Nh3 Na5 14. Qd1 Qe8 15. Nf4 Rb8 16. Ncd5 Nxd5 17. Bxd5 e5 18. Ng2 Nb3 19. Ne3 f5 20. Nf1 Bc6 21. Nd2 Bxd5 22. cxd5 Qf7 23. e4 fxe4 24. Nxe4 Qxd5 25. g4 Rf4 26. Rg1 Rxe4+ 27. dxe4 Qxe4+ 28. Kf1 Rh8 29. Qxd6 Qxb1+ 30. Kg2 Qe4+ 31. f3 Qe2+ 32. Kg3 Rf8 33. Rf1 Nd4 34. gxh5 Nf5+ 0-1

[Event "AUT-chT2S 9394"]
[Site "Austria"]
[Date "1994.??.??"]
[Round "?"]
[White "Zimmermann, Heinz"]
[Black "Brglez, Rado"]
[Result "0-1"]
[WhiteElo "2280"]
[BlackElo "2300"]
[PlyCount "30"]
[EventDate "1993.??.??"]
[EventType "team"]
[EventRounds "11"]
[EventCountry "AUT"]
[SourceTitle "EXT 1998"]
[Source "ChessBase"]
[SourceDate "1997.11.17"]
[SourceVersion "1"]
[SourceVersionDate "1997.11.17"]
[SourceQuality "1"]

1. d4 Nf6 2. Nf3 e6 3. Bf4 c5 4. c3 b6 5. e3 Be7 6. Bd3 cxd4 7. cxd4 Ba6 8. Nc3 Bxd3 9. Qxd3 0-0 10. 0-0 Nc6 11. a3 d5 12. b4 Qd7 13. Rfc1 Rfc8 14. h3 Qb7 15. Rc2 Bxb4 0-1